Las ilusiones del posmodernismo

Uloženo v:
Podrobná bibliografie
Hlavní autor: Eagleton, Terry
Médium: Kniha
Jazyk:Undetermined
Vydáno: Buenos Aires, Argentina Paidós 2004
Témata:
Tagy: Přidat tag
Žádné tagy, Buďte první, kdo vytvoří štítek k tomuto záznamu!

MARC

LEADER 00000nam a2200000Ia 4500
008 170316s9999 xx 000 0 und d
090 |a 100 E-1.1i 
100 |a Eagleton, Terry 
245 |a Las ilusiones del posmodernismo 
260 |a Buenos Aires, Argentina 
260 |b Paidós 
260 |c 2004 
300 |a 206 páginas 
650 |a FILOSOFÍA 
650 |a FILOSOFÍA MODERNA 
999 |c 16088  |d 16088 
040 |a cru BVZT 
942 |c 15 D  |h 100 E-1.1i  |2 z